Library Logo

Pioneer International University Library Catalogue

RED SKY IN THE MORNING: (Record no. 9772)

MARC details
000 -LEADER
fixed length control field 00532nam a22001697a 4500
003 - CONTROL NUMBER IDENTIFIER
control field OSt
005 - DATE AND TIME OF LATEST TRANSACTION
control field 20251112120051.0
008 - FIXED-LENGTH DATA ELEMENTS--GENERAL INFORMATION
fixed length control field 251112b |||||||| |||| 00| 0 eng d
020 ## - INTERNATIONAL STANDARD BOOK NUMBER
International Standard Book Number 1563990954
040 ## - CATALOGING SOURCE
Transcribing agency NEW LIFE PUBLICATIONS
050 ## - LIBRARY OF CONGRESS CALL NUMBER
Classification number BR 526 .B75 1998
Item number .B75 1998
245 ## - TITLE STATEMENT
Title RED SKY IN THE MORNING:
Remainder of title HOW YU CAN PREVENT AMERICA'S GATHERING STORMS/
Statement of responsibility, etc. BRIGHT BILL
250 ## - EDITION STATEMENT
Edition statement 1ST EDITION
260 ## - PUBLICATION, DISTRIBUTION, ETC.
Place of publication, distribution, etc. ORLANDO :
Name of publisher, distributor, etc. NEW LIFE PUBLICATIONS,
Date of publication, distribution, etc. 1998.
300 ## - PHYSICAL DESCRIPTION
Extent 335 pages.:
Other physical details hardcover, som ill,
Dimensions 23.6 cm
942 ## - ADDED ENTRY ELEMENTS (KOHA)
Source of classification or shelving scheme Library of Congress Classification
Koha item type Books
Suppress in OPAC No
Holdings
Withdrawn status Lost status Source of classification or shelving scheme Damaged status Not for loan Home library Current library Date acquired Total checkouts Barcode Date last seen Price effective from Koha item type
    Library of Congress Classification     PIU Library PIU Library 11/12/2025   PIUDL776 11/12/2025 11/12/2025 Books